• 首页
  • 本馆介绍
  • 公告通知
  • 最新文献
  • 馆藏检索
  • 电子资源
  • 读者导购
  • 参考咨询
  • 我的图书馆
  • 登录
  • 详细信息显示
  • 放入我的书架
  • 预约/预借图书
  • 作者相关作品
  • 分类相关作品
  • 丛书相关作品
  • 出版社相关作品

书目信息

  • 表格格式
  • 工作单格式
  • 卡片格式
题名:
十五届六中全会文件学习辅导
    
 
作者: 何毅亭 , 施芝鸿 主编
分册:  
出版信息: 北京   党建读物出版社  2001
页数: 222页
开本: 21cm
丛书名:
单 册:
中图分类: D229 , D261.3
科图分类:
主题词: 党的作风 , 党的建设
电子资源:
ISBN: 7-80098-542-3
000 01129nam0 2200313 450
001 1534479884
005 20150206093454.01
010    @a7-80098-542-3@dCNY13.00
010    @a7-80168-026-X
100    @a20020130d2001 em y0chiy0110 ea
101 0  @achi
102    @aCN@b110000
105    @ay z 100yy
200 1  @a十五届六中全会文件学习辅导@9shi wu jie liu zhong quan hui wen jian xue xi fu dao@f何毅亭,施芝鸿主编
210    @a北京@c党建读物出版社@c研究出版社@d2001
215    @a222页@d21cm
330    @a本书包括加强和改进党的作风建设的极端重要性和紧迫性;加强和改进党的作风建设的指导思想和主要任务;坚持解放思想、实事求是,反对因循守旧、不思进取等内容。
601 1  @a中国共产党十五届六中全会@f(2001)@x文件@j学习参考资料
601 0  @a中国共产党@x党的作风@x党的建设@j学习参考资料
601 1  @2CT@3S908451@a中国共产党十五届六中全会@f(2001)
601 0  @2CT@3S096238@a中国共产党
606 0  @a党的作风
606 0  @a党的建设
690    @aD229@v5
690    @aD261.3@v5
701  0 @a何毅亭@9he yi ting@4主编
701  0 @a施芝鸿@9shi zhi hong@4主编
801  0 @aCN@bTSSF@c20150206
905    @aZUCC@dD229@eJY1
    
    十五届六中全会文件学习辅导/何毅亭,施芝鸿主编.-北京:党建读物出版社:研究出版社,2001
    222页;21cm
    
    
    ISBN 7-80098-542-3:CNY13.00
    本书包括加强和改进党的作风建设的极端重要性和紧迫性;加强和改进党的作风建设的指导思想和主要任务;坚持解放思想、实事求是,反对因循守旧、不思进取等内容。
●
相关链接 在E读中查询图书 在五车中查询图书 在当当中查询图书 在豆瓣中查询图书


正题名:十五届六中全会文件学习辅导     索取号:D229/JY1         预约/预借

序号 登录号 条形码 馆藏地/架位号 状态 备注
1 7866003   278660030   学院路分馆/ [索取号:D229/JY1] 在馆    
唐山师范学院图书馆 欢迎您!
大连网信软件有限公司© 版权所有